[Event "AUTO-MASTER-3302"]
[Site "http://www.queenalice.com/game.php?id=1872240"]
[Date "2026.4.21"]
[Round "1"]
[White "cerenzo72"]
[Black "Fredo"]
[Result "0-1"]
[WhiteElo "2167"]
[BlackElo "2097"]

1. c4 c5 2. Nf3 Nf6 3. Nc3 Nc6 4. d4 cxd4 5. Nxd4 g6 6. e4 Bg7 7. Be2 O-O 8. O-O
Nxe4 9. Nxc6 Nxc3 10. Nxd8 Nxd1 11. Nxf7 Nxb2 12. Nh6+ Kh8 13. Rb1 Na4 14. Bf3
Rb8 15. Bd2 d6 16. Rfe1 Bf6 17. Rb4 Nc5 18. Re2 Nd3 19. Rb3 Ne5 20. Be3 Nxf3+
21. gxf3 b6 22. c5 Be6 23. Ra3 Bc4 24. Rc2 d5 25. cxb6 axb6 26. Ng4 Bg7 27. f4
b5 28. Ne5 Rfc8 29. Ra7 Bf6 30. Bd4 Ra8 31. Rxa8 Rxa8 32. Nc6 Rxa2 33. Rxa2 Bxa2
34. Bxf6+ exf6 35. Kf1 Bc4+ 36. Ke1 Kg7 37. Kd2 Kf7 38. Nd4 b4 39. Kc2 Ke7 40.
Nc6+ Ke6 41. Nxb4 Kf5 42. Kd2 Kxf4 43. Ke1 Kf3 44. Nc2 g5 45. Ne3 Kf4 46. Kd2
Ke4 47. Ng4 Kf5 48. f3 h5 49. Ne3+ Kf4 0-1

[Event "AUTO-MASTER-3302"]
[Site "http://www.queenalice.com/game.php?id=1872241"]
[Date "2026.4.21"]
[Round "1"]
[White "Fredo"]
[Black "cerenzo72"]
[Result "1-0"]
[WhiteElo "2072"]
[BlackElo "2182"]

1. Nf3 Nf6 2. c4 d6 3. Nc3 e5 4. g3 Be7 5. Bg2 Nc6 6. O-O O-O 7. d3 a6 8. Bg5 h6
9. Bd2 Bd7 10. Nd5 b5 11. Nxe7+ Qxe7 12. cxb5 axb5 13. a3 d5 14. Rc1 Rfc8 15.
Re1 Be6 16. Rxc6 e4 17. Nd4 Bd7 18. Rc1 c5 19. Nc2 Bg4 20. Ne3 Bh5 21. Qb3 Qb7
22. dxe4 dxe4 23. Nf5 Qd7 24. Nxg7 Kxg7 25. Be3 Qf5 26. h3 Bg6 27. Qc2 c4 28.
Qd2 Rd8 29. Bxh6+ Kh7 30. Qf4 Qe6 31. Bg5 Nh5 32. Qh4 f6 33. Be3 Kg7 34. g4 Rh8
35. gxh5 Rxh5 36. Qg4 f5 37. Qg3 Qf6 38. Qc7+ Bf7 39. Red1 Kh7 40. Rd7 Rf8 41.
Bc5 Kg7 42. Bd4 1-0

[Event "AUTO-OPEN-4651"]
[Site "http://www.queenalice.com/game.php?id=1873035"]
[Date "2026.5.8"]
[Round "1"]
[White "Fredo"]
[Black "mvson33"]
[Result "1-0"]
[WhiteElo "2079"]
[BlackElo "1871"]

1. d4 Nf6 2. c4 d5 3. Nc3 e6 4. Nf3 Be7 5. Bg5 O-O 6. e3 dxc4 7. Bxc4 Nc6 8. O-O
b6 9. Re1 Bb7 10. Bb3 Re8 11. Qe2 Rc8 12. Rad1 Nb8 13. Ba4 Rf8 14. Ne5 Nbd7 15.
f4 Nd5 16. Nxd7 Re8 17. Bxe7 Rxe7 18. Ne5 c5 19. dxc5 Rxc5 20. Ne4 Rc8 21. Qh5
f6 22. Nd7 Bc6 23. Ndxf6+ gxf6 24. Nxf6+ Kh8 25. Bc2 Rcc7 26. e4 Nxf4 27. Rxd8+
1-0

[Event "AUTO-OPEN-4651"]
[Site "http://www.queenalice.com/game.php?id=1873036"]
[Date "2026.5.8"]
[Round "1"]
[White "mvson33"]
[Black "Fredo"]
[Result "0-1"]
[WhiteElo "1839"]
[BlackElo "2104"]

1. d4 Nf6 2. Nf3 g6 3. g3 Bg7 4. Bg2 O-O 5. O-O d5 6. Nc3 c6 7. Bg5 Nbd7 8. Qd2
Ne4 9. Nxe4 dxe4 10. Ne1 f5 11. Qb4 Nf6 12. c3 b6 13. Qc4+ Kh8 14. Nc2 Bb7 15.
Nb4 Rc8 16. Qb3 Qd7 17. Qd1 h6 18. Bd2 Kh7 19. Nc2 Rce8 20. Ne3 Qc7 21. Nc2 c5
22. dxc5 Qxc5 23. Be3 Qc7 24. Qd2 Rd8 25. Rad1 Rxd2 26. Bxd2 Rd8 27. Ne3 e6 28.
Bc1 Nd5 29. Nxd5 exd5 30. Be3 Ba6 31. Rfe1 Bc4 32. Bd4 Bxa2 33. Rd2 Bc4 34. Red1
Qc6 35. Bxg7 Kxg7 0-1